| 000 | 00627nam a22002177a 4500 | ||
|---|---|---|---|
| 999 |
_c5930 _d5930 |
||
| 001 | 20947 | ||
| 003 | BD-DhUAP | ||
| 005 | 20201222151822.0 | ||
| 008 | 201222s20072015ii a|||| |||| 001 0 eng d | ||
| 020 | _a9788125918677 | ||
| 040 |
_aBD-DhUAP _bEng _cBD-DhUAP _dBD-DhUAP |
||
| 082 |
_223 _a627.52 MIC |
||
| 100 | _aMichael, A. M. | ||
| 245 |
_aIrrigation : _btheory and practice / _cA. M. Michael. |
||
| 250 | _a2nd rev. & enl. ed. | ||
| 260 |
_aNew Delhi : _bVikas, _c2007 [Reprinted 2015]. |
||
| 300 |
_aix, 768 pages : _billustrations ; _c28 cm. |
||
| 500 | _aIncludes index. | ||
| 650 | _aIrrigation. | ||
| 942 |
_2ddc _cBK |
||